| 000 | 01159naa a2200289 c 4500 | ||
|---|---|---|---|
| 001 | 42809 | ||
| 003 | ES-MaCES | ||
| 005 | 20120522123600.0 | ||
| 008 | 120522n2011 sp t 000 | spa d | ||
| 035 | _aCES20120004194v | ||
| 040 |
_aES-MaCES _bspa _cES-MaCES |
||
| 245 | 0 | 3 |
_aLa negociación colectiva como medio para la promoción de la igualdad efectiva entre mujeres y hombres en las relaciones de trabajo a partir de la Ley Orgánica 3/2007 _cPercy Alarcón Bravo de Rueda ... [et al.] |
| 650 | 4 |
_aEspaña _926964 |
|
| 650 | 4 |
_adesarrollo de la carrera _929403 |
|
| 650 | 4 |
_aaspiración profesional _929958 |
|
| 650 | 4 |
_alegislación del trabajo _927166 |
|
| 650 | 4 |
_anegociación colectiva _928362 |
|
| 650 | 4 |
_adiscriminación por razones de sexo _929521 |
|
| 650 | 4 |
_aderechos de la mujer _927173 |
|
| 650 | 4 |
_aigualdad de oportunidades _927183 |
|
| 653 | 1 | 0 | _aMujer |
| 700 | 1 |
_aAlarcón Bravo de Rueda, Percy Orestes _95763 |
|
| 773 | 0 |
_tLa igualdad efectiva de mujeres y hombres _gp. 79-123 SG - 2.0. - 260 _w(ES-MaCES)24409 |
|
| 902 | _aARL Artículo de libro | ||
| 942 |
_2CES _cAR _h3.3. |
||
| 999 |
_c42809 _d42809 |
||